| Tag |
First Indicator |
Second Indicator |
Subfields |
| LEADER |
00000cam a2200000 a 4500 |
| 001 |
in00000084304 |
| 005 |
20151008061322.0 |
| 008 |
790607m19789999fr a b 00110 fre d |
| 035 |
|
|
|a (OCoLC)05045917
|
| 035 |
|
|
|9 AAJ7803AM
|
| 040 |
|
|
|a SMI
|c SMI
|d OCL
|d TXA
|d UtOrBLW
|
| 043 |
|
|
|a n-us---
|
| 049 |
|
|
|a TXAM
|v 1 [1329334]
|
| 090 |
|
|
|a QL561.S2
|b L54
|
| 100 |
1 |
|
|a Lemaire, Claude.
|
| 245 |
1 |
4 |
|a Les Attacidae americains =
|b The Attacidae of America : Saturniidae /
|c Claude Lemaire.
|
| 246 |
3 |
1 |
|a Attacidae of America
|
| 264 |
|
1 |
|a Neuilly-sur-Seine :
|b C. Lemaire,
|c 1978-
|
| 300 |
|
|
|a volumes :
|b illustrations (some color) ;
|c 30 cm.
|
| 336 |
|
|
|a text
|b txt
|2 rdacontent
|
| 337 |
|
|
|a unmediated
|b n
|2 rdamedia
|
| 338 |
|
|
|a volume
|b nc
|2 rdacarrier
|
| 504 |
|
|
|a Includes bibliographies and indexes.
|
| 505 |
1 |
|
|a v. 1. Attacinae -- 2. Arsenurinae -- 3. Ceratocampinae.
|
| 500 |
|
|
|a Volume numbering indicated by asterisks, e.g., * is volume 1, ** is volume 2, *** is volume 3-.
|
| 650 |
|
0 |
|a Saturniidae.
|
| 650 |
|
0 |
|a Moths
|z America.
|
| 740 |
4 |
|
|a The Attacidae of America.
|
| 999 |
|
|
|a MARS
|
| 999 |
f |
f |
|s 98550a28-d158-3b57-a974-b6b80bf6e51a
|i b47656a3-758e-36d8-b8a4-7adb24a88e3a
|t 0
|
| 952 |
f |
f |
|p ric
|a Texas A&M University
|b Rellis Campus
|c Joint Library Facility
|d Remote Storage
|t 0
|e QL561.S2 L54
|h Library of Congress classification
|i unmediated -- volume
|k v.1
|m A14806221114
|
| 952 |
f |
f |
|p ric
|a Texas A&M University
|b Rellis Campus
|c Joint Library Facility
|d Remote Storage
|t 0
|e QL561.S2 L54
|h Library of Congress classification
|i unmediated -- volume
|k v.3
|m A14816873183
|
| 952 |
f |
f |
|p ric
|a Texas A&M University
|b Rellis Campus
|c Joint Library Facility
|d Remote Storage
|t 0
|e QL561.S2 L54
|h Library of Congress classification
|i unmediated -- volume
|k v.2
|m A14816873230
|
| 998 |
f |
f |
|a QL561.S2 L54
|s v.1-v.3
|t 0
|l Remote Storage
|